Gróf Klebelsberg Kunó beszédei, cikkei és törvényjavaslatai. - Neonacionalismus. - Küzdelmek könyve. - Jöjjetek harmincas évek
Elmentve itt :
| Szerző: | |
|---|---|
| Adatforrás: | Philobibl |
| Forrásdokumentuma: | Minerva 1930. 9. évf., 107-124. p. |
| Dokumentumtípus: | Cikk |
| Nyelv: | magyar |
| LEADER | 00439nab a2200109 c 4500 | ||
|---|---|---|---|
| 001 | bibDOK00015713 | ||
| 005 | 20200924121029.3 | ||
| 008 | 060518s1930 xx hun | ||
| 100 | 2 | |a Halasy-Nagy József | |
| 245 | 1 | 0 | |a Gróf Klebelsberg Kunó beszédei, cikkei és törvényjavaslatai. - Neonacionalismus. - Küzdelmek könyve. - Jöjjetek harmincas évek |c Halasy-Nagy József |
| 500 | |a Ismertetés. (ua.: 221.) | ||
| 773 | 0 | |t Minerva |g 1930. 9. évf., 107-124. p. | |